000 01088nam a2200265 i 4500
001 169405
003 ES-MaACL
005 20241104205433.0
007 t|
008 080908s1843 sp ||||1| spa d
040 _cES-MaACL
080 _a061.21(461.1)Ateneo(047.32)
110 2 _aAteneo de Madrid.
_91875
245 1 0 _aEstatutos del Ateneo Científico, Literario y Artístico de Madrid.
260 _aMadrid :
_b[s.n.],
_c1843
_f(Imp. de la Sociedad Literaria y Tipográfica)
300 _a8 páginas ;
_c21 cm. +
_e1 disco compacto (CD-ROM)
500 _aTexto de los Estatutos fechado en 4 de enero de 1836. A continuación está la última página, que bajo el título de "Advertencias" contiene 8 acuerdos de las juntas generales y de gobierno
610 2 7 _aAteneo de Madrid-
_vEstatutos y reglamentos.
_91918
852 _aES-MaACL
_cDEPOF
_j2234-F-27
_9176055
852 _aES-MaACL
_cROT
_9203498
_jROT 6/3/18
852 _aES-MaACL
_cDEPOF
_j2184-F-5
_9202351
942 _cFOLLETOS
_n0
999 _c169405
_d169405